01179nam a2200193Ia 4500001001100000003001000011008004100021040002500062041001300087100002200100245010600122250001100228260008100239300001200320500026000332501011400592520026000706650001900966L942-43505IT-CnALBA170116s9999||||xx |||||||||||||| ||und|| aIT-CnALBAcIT-CnALBA aITALIANO aPALOSCIA ANNIBALE 0aSTORIA SAFFICA DI LUCISTELLA. DI UN GIORNALISTA INGLESE, DI UN UFFICIALE EVIRATO E DI UNA TARANTOLA.  a1a ed. a LECCEbMANNI PIETRO EDITORE c1998 [1° Ed.:1998 - Ed.Ling.Originale: 1998] a167 p.  aDA UN EPISTOLARIO DELL'OTTOCENTO. VOCE E CUORE. BELLEZZA DELL'ITALIA SEMPRE PREFERITA. VENDETTA, CONSIGLI DI MENEGHINO. MAGGI C.M. CANTILENA DI DEVOZIONE. PENSIERO SADICO, TI VOGLIO MORTO IN OGNI CASO. PRESENTE E PASSATO REMOTO. FUOCO IN GROTTA DI GHIACCI aSocietà San Paolo EM - Piazza San Paolo, 14 - 12051 ALBA (CN) (non commercial uses only) ® Copyright 2017 aDA UN EPISTOLARIO DELL'OTTOCENTO. VOCE E CUORE. BELLEZZA DELL'ITALIA SEMPRE PREFERITA. VENDETTA, CONSIGLI DI MENEGHINO. MAGGI C.M. CANTILENA DI DEVOZIONE. PENSIERO SADICO, TI VOGLIO MORTO IN OGNI CASO. PRESENTE E PASSATO REMOTO. FUOCO IN GROTTA DI GHIACCI aSTORIA MODERNA